Datum a čas kvízu
28.5
Celkem bodů
Celkový počet nahraných bodů na tomto kvízu bez doplňovacích otázek.
6.
Pořadí na kvízu
Konečné umístění týmu na tomto kvízu.
Zaznamenané odpovědi
| # | Otázka | Odpověď | Body | Výsledky |
|---|---|---|---|---|
| 1. | Která sedmipodlažní budova obc... | Kotva | 1 | |
| 2. | Na jihokorejských sociálních s... | párátka | 1 | |
| 3. | Která poměrně mladá zpěvačka z... | Billie Eilish | 0 | |
| 4. | Minulý týden byl spuštěn elekt... | DiPSy | 0 | |
| 5. | Ve čtvrtek byl potvrzen přestu... | Lewis Hamilton, Ferrari | 1 | |
| 6. | Ve třetím díle cestovatelského... | Jeseník | 0 | |
| 7. | Stále větší oblibě cestovatelů... | portugalština | 0 | |
| 8. | Ve kterém americkém městě může... | v Los Angeles | 1 | |
| 9. | S písmenem M se vracíme do Čes... | v Moravském Krumlově | 0 | |
| 10. | Ve kterém století byl vybudová... | v 19. století | 0 |